| 000 | 00430nam a2200181Ia 4500 | ||
|---|---|---|---|
| 001 | 23776 | ||
| 005 | 20260414151000.0 | ||
| 008 | 260414t1962||||xx |||||||||||||| ||spa|| | ||
| 041 | _aESP | ||
| 082 |
_a709 _bI65 |
||
| 100 |
_aIñiguez, José Antonio _eAUT |
||
| 245 | 0 |
_aCátedra de historia del arte _b |
|
| 260 | _c1962 | ||
| 300 |
_a100 páginas : _c32 cm. |
||
| 650 | _aABD | ||
| 654 | _aCAU | ||
| 942 |
_cLIB _dJUS _fJUS _2ddc _n |
||
| 999 |
_c23776 _d23776 |
||